Fr. Conceicao Rodrigues College of Engineering

IBM Pc And Xt Users Hand Book (Record no. 22051)

MARC details
000 -LEADER
fixed length control field 00292nam a2200145Ia 4500
082 ## - DEWEY DECIMAL CLASSIFICATION NUMBER
Classification number 621.3
Item number Wsi
100 ## - MAIN ENTRY--PERSONAL NAME
Personal name Staff/WSi
245 ## - TITLE STATEMENT
Title IBM Pc And Xt Users Hand Book
260 ## - PUBLICATION, DISTRIBUTION, ETC.
Name of publisher, distributor, etc. BPB Pub.
Place of publication, distribution, etc. Delhi
300 ## - PHYSICAL DESCRIPTION
Extent 543
546 ## - LANGUAGE NOTE
Language note ENGLISH
654 ## - SUBJECT ADDED ENTRY--FACETED TOPICAL TERMS
Focus term IBM Pc
942 ## - ADDED ENTRY ELEMENTS (KOHA)
Koha item type BOOK
Holdings
Withdrawn status Lost status Damaged status Not for loan Collection Home library Current library Shelving location Date acquired Total Checkouts Full call number Barcode Date last seen Price effective from Koha item type
        AFT Fr. Agnel's C.Rodrigues College of Engineering Fr. Agnel's C.Rodrigues College of Engineering   17/03/2023   621.3 Wsi AFT5558 17/03/2023 17/03/2023 BOOK